Southville International School and Colleges
Your cart is empty.
  • Cart
  • Lists
    Public lists Eva Luna New books Lux_list list_1
    Your lists Log in to create your own lists
  • Log in to your account
  • Your cookies
  • Search history
Southville International School and Colleges
  • Advanced search
  • Recent comments
  • Most popular
  • Libraries

Log in to your account

Log in with GOOGLE


If you do not have an external account, but do have a local account, you can still log in:

  1. Home
  2. MARC view: Your child is learning to read /
Normal view MARC view ISBD view

Your child is learning to read / (Record no. 344656)

[ view plain ]
MARC details
000 -LEADER
fixed length control field 00780nam a2200289Ia 4500
008 - FIXED-LENGTH DATA ELEMENTS--GENERAL INFORMATION
fixed length control field 171025s9999 xx 000 0 und d
020 ## - INTERNATIONAL STANDARD BOOK NUMBER
International Standard Book Number 590032917
050 ## - LIBRARY OF CONGRESS CALL NUMBER
Classification number 372.4
050 ## - LIBRARY OF CONGRESS CALL NUMBER
Item number W677 1998
100 ## - MAIN ENTRY--PERSONAL NAME
Personal name Wilford, Sara
245 ## - TITLE STATEMENT
Title Your child is learning to read /
245 ## - TITLE STATEMENT
Statement of responsibility, etc by Sara Wilford ; foreword by Robert Needlman.
260 ## - PUBLICATION, DISTRIBUTION, ETC. (IMPRINT)
Place of publication, distribution, etc New York :
260 ## - PUBLICATION, DISTRIBUTION, ETC. (IMPRINT)
Name of publisher, distributor, etc Scholastic,
260 ## - PUBLICATION, DISTRIBUTION, ETC. (IMPRINT)
Date of publication, distribution, etc 1998
300 ## - PHYSICAL DESCRIPTION
Extent 98 pages :
300 ## - PHYSICAL DESCRIPTION
Other physical details illustrations ;
300 ## - PHYSICAL DESCRIPTION
Dimensions 23cm.
500 ## - GENERAL NOTE
General note Includes bibliographic reference.
650 ## - SUBJECT ADDED ENTRY--TOPICAL TERM
Topical term or geographic name as entry element Education, Elementary --
650 ## - SUBJECT ADDED ENTRY--TOPICAL TERM
Topical term or geographic name as entry element Parent-teacher relationships.
650 ## - SUBJECT ADDED ENTRY--TOPICAL TERM
Topical term or geographic name as entry element Reading --
650 ## - SUBJECT ADDED ENTRY--TOPICAL TERM
General subdivision Parent participation.
650 ## - SUBJECT ADDED ENTRY--TOPICAL TERM
General subdivision Parent participation.
700 ## - ADDED ENTRY--PERSONAL NAME
Personal name Needlman, Robert.
700 ## - ADDED ENTRY--PERSONAL NAME
Personal name Title.
Holdings
Withdrawn status Lost status Damaged status Home library Current library Date acquired Total Checkouts Full call number Barcode Date last seen Price effective from Koha item type
      Stonyhurst Southville International School (Malarayat) Stonyhurst Southville International School (Malarayat) 10/25/2017   NF 372.4 W677 1998 SSISM3709 10/25/2017 10/25/2017 Books

Your child is learning to read /

APA

Wilford S., Needlman R. & Title.Your child is learning to read. New York: .

Chicago

Wilford Sara, Needlman Robert and Title.Your child is learning to read. New York: .

Harvard

Wilford S., Needlman R. and Title.Your child is learning to read. New York: .

MLA

Wilford Sara, Needlman Robert and Title.New York: . .

  • Place hold
  • Print
  • Cite
  • Add to your cart (remove)
  • Save record
    BIBTEX Dublin Core MARCXML MARC (non-Unicode/MARC-8) MARC (Unicode/UTF-8) MARC (Unicode/UTF-8, Standard) MODS (XML) RIS
  • More searches
    Search for this title in:
    Other Libraries (WorldCat) Other Databases (Google Scholar) Online Stores (Bookfinder.com) Open Library (openlibrary.org)

Exporting to Dublin Core...

SOUTHVILLE LIBRARY

Southville International School and Colleges Library

1281 Tropical Ave. Cor. Luxembourg St., BF Homes International, Las Pinas City

Tel. No. 8256374 / 252358 Loc. 117/146

Powered by Koha